El carretero de la muerte
Salvato in:
| Autore principale: | |
|---|---|
| Natura: | Libro |
| Lingua: | spagnolo |
| Pubblicazione: |
Santiago
Nacional Quimantú
1972
|
| Serie: | Colección Quimantú para todos
|
| Soggetti: | |
| Tags: |
Aggiungi Tag
Nessun Tag, puoi essere il primo ad aggiungerne!!
|
MARC
| LEADER | 00000nam a2200000 a 4500 | ||
|---|---|---|---|
| 001 | UCZ6431 | ||
| 003 | CL-VaPUC | ||
| 008 | 951211e19720000CL |||||||||||||||||spa|d | ||
| 082 | 0 | 4 | |a 839.7 |b LAG |2 21 |
| 100 | |a Lagerlöf, Selma |e author |9 576827 | ||
| 245 | 1 | 3 | |a El carretero de la muerte |
| 300 | |a 131 p | ||
| 942 | |c BK | ||
| 945 | |d 19951211 00:00:00 |a cmena | ||
| 260 | |a Santiago |b Nacional Quimantú |c 1972 | ||
| 650 | 7 | |a NOVELAS SUECAS |2 CL-VaPUC |9 345411 | |
| 650 | 7 | |a LITERATURA SUECA |2 CL-VaPUC |9 350721 | |
| 583 | |a last modification |c 19951211 00:00:00 |k Rodrigo Vera | ||
| 490 | 0 | |a Colección Quimantú para todos | |
| 999 | |c 242634 |d 242632 | ||
| 952 | |0 0 |1 0 |4 0 |6 839_700000000000000_LAG_1972 |7 0 |8 A |9 255700 |a BIBEDU |b BIBEDU |d 2019-11-19 |i 1603388 |o 839.7 LAG 1972 |p 1603388 |r 2019-11-19 |w 2019-11-19 |y BK |k EDU | ||
| 952 | |0 0 |1 0 |4 0 |6 839_700000000000000_LAG_1972 |7 0 |8 A |9 255701 |a BIBEDU |b BIBEDU |d 2019-11-19 |i 1434373 |o 839.7 LAG 1972 |p 1434373 |r 2019-11-19 |w 2019-11-19 |y BK |k LIT | ||